000 00524nam a2200193Ia 4500
003 LDD
008 181101s9999 xx 000 0 und d
020 _a9789380182834
_c250.00
040 _cLDD
100 _aAmrohvi, Anees
245 0 _aWo bhi ek zamana tha
_cAnees Amrohvi
250 _a2nd ed.
260 _aDelhi
_bTakhleeqkar Publishers
_c2013
300 _a256p.
901 _a15921
_b17-03-2017
902 _a2841
_b17-03-2017
_cF
_dPIBD
_e8U
903 _a20
_bReqst by : Mohd. Akbar
942 _2ddc
_cUR
999 _c250
_d250